| 000 | 00683nab a2200229 a 4500 | ||
|---|---|---|---|
| 001 | 62138 | ||
| 003 | 134425 | ||
| 005 | 20201118105910.0 | ||
| 008 | ||||||n9999 ||| || || | ||
| 041 | _aspa | ||
| 245 | 0 | _aEl libre desarrollo de la personalidad y la libertad de conciencia en las sentencias de la corte constitucional | |
| 260 |
_aBogotá : _bDefensoría del Pueblo, _c1996. |
||
| 300 | _app.4-6 | ||
| 562 | _e0 | ||
| 650 | _aANÁLISIS JURÍDICO | ||
| 650 | _aAUTONOMÍA | ||
| 650 | _aCORTE CONSTITUCIONAL | ||
| 650 | _aDERECHO A LA LIBERTAD DE CONCIENCIA | ||
| 650 | _aDESARROLLO DE LA PERSONALIDAD | ||
| 773 |
_060328 _aSu defensor - No.30 |
||
| 942 | _cSART | ||
| 999 |
_c62138 _d62138 |
||